| 000 | 00651nam a2200217 a 4500 | ||
|---|---|---|---|
| 001 | 22926 | ||
| 003 | CO-ViMGA | ||
| 008 | 141112s2004 ck r 000 u spa d | ||
| 020 | _a9587043189 | ||
| 040 |
_aCO-ViMGA _bspa _cCO-ViMGA |
||
| 082 | 0 | 4 | _a231.6 B566d |
| 100 | 1 |
_aBloom, Harold _923221 |
|
| 245 | 1 | 0 | _aDonde se encuentra la sabidurìa? |
| 260 |
_aColombia : _bTaurus |
||
| 300 | _a259p. | ||
| 505 | _aEl poder de la sabiduria, Las mas grandes ideas son los mas grandes acontecimientos, Sabiduria cristiana | ||
| 650 | 1 | 4 |
_aSABIDURIA _932919 |
| 650 | 1 | 4 |
_aSABIDURIA - ESTUDIOS COMPARADOS _932920 |
| 650 | 1 | 4 | _aVIDA FUTURA |
| 942 |
_2ddc _cBK |
||
| 999 |
_c31217 _d31217 |
||